[Event "San Francisco Benson Memorial"]
[Site "San Francisco"]
[Date "2016.08.30"]
[Round "5"]
[White "Chan, John"]
[Black "Donnelly, Patrick T"]
[Result "0-1"]
[WhiteElo "1583"]
[BlackElo "1641"]
[PlyCount "72"]
[EventDate "2016.08.02"]
[EventType "swiss"]
[EventRounds "9"]
[EventCountry "USA"]
[SourceTitle "EXT 2018"]
[Source "ChessBase"]
[SourceDate "2017.10.13"]
[SourceVersion "1"]
[SourceVersionDate "2017.10.13"]
[SourceQuality "1"]

1. d4 Nf6 2. Nf3 g6 3. h3 Bg7 4. c3 d5 5. Bf4 0-0 6. g4 Nc6 7. Qc1 Nd7 8. Bh6 e5 9. Bxg7 Kxg7 10. e3 e4 11. Ng1 Qh4 12. Qd2 f5 13. Na3 fxg4 14. Nb5 g3 15. fxg3 Qxg3+ 16. Kd1 Rxf1+ 17. Kc2 Rxa1 18. Ne2 Qf2 19. Rxa1 Nb6 20. b3 Bxh3 21. a4 Bg4 22. Re1 Ne7 23. a5 Nd7 24. Nf4 Qxd2+ 25. Kxd2 a6 26. Na3 g5 27. Rg1 h5 28. Ng2 Rf8 29. Ke1 Nf5 30. c4 c6 31. Nb1 Nf6 32. Nd2 h4 33. Nf1 h3 34. Nh2 hxg2 35. Rxg2 Nxe3 36. Rg1 Rh8 0-1

[Event "San Francisco TNM Summer op"]
[Site "San Francisco"]
[Date "2016.05.31"]
[Round "2"]
[White "Donnelly, Patrick T"]
[Black "Bayaraa, Chinguun"]
[Result "0-1"]
[WhiteElo "1729"]
[BlackElo "1949"]
[PlyCount "100"]
[EventDate "2016.05.24"]
[EventType "swiss"]
[EventRounds "8"]
[EventCountry "USA"]
[SourceTitle "EXT 2018"]
[Source "ChessBase"]
[SourceDate "2017.10.13"]
[SourceVersion "1"]
[SourceVersionDate "2017.10.13"]
[SourceQuality "1"]

1. e4 c5 2. Nf3 d6 3. d4 cxd4 4. Nxd4 Nf6 5. Nc3 a6 6. Bg5 e6 7. Qf3 Be7 8. 0-0-0 Qc7 9. Be2 Nbd7 10. Qg3 b5 11. a3 Bb7 12. Bf3 Rc8 13. Nb3 h6 14. Be3 g5 15. Rd2 g4 16. Bd1 Ne5 17. Bd4 Nh5 18. Qe3 Bg5 19. Qe1 Bxd2+ 20. Nxd2 Rg8 21. Qe3 Nc4 22. Qxh6 e5 23. Nxc4 bxc4 24. Qxh5 exd4 25. Nd5 Bxd5 26. exd5 Qe7 27. Bxg4 Rc5 28. Kd1 Qg5 29. Re1+ Kf8 30. Qxg5 Rxg5 31. Bf3 Rb5 32. Kc1 Re5 33. Rxe5 dxe5 34. Be4 f5 35. Bxf5 Rxd5 36. Be4 Rc5 37. Kd1 Kg7 38. h4 Rb5 39. Kc1 Rb6 40. f3 Rd6 41. Kd2 Rb6 42. Bd5 Rxb2 43. Bxc4 a5 44. g4 Rb1 45. h5 Kh6 46. Kd3 Re1 47. Bb3 Re3+ 48. Kc4 Rxf3 49. Ba4 Rxa3 50. Bd7 Rc3+ 0-1

[Event "San Francisco TNM Spring op"]
[Site "San Francisco"]
[Date "2016.04.19"]
[Round "6"]
[White "Aafjes, Marc"]
[Black "Donnelly, Patrick T"]
[Result "1-0"]
[WhiteElo "1311"]
[BlackElo "1505"]
[PlyCount "83"]
[EventDate "2016.03.15"]
[EventType "swiss"]
[EventRounds "8"]
[EventCountry "USA"]
[SourceTitle "EXT 2018"]
[Source "ChessBase"]
[SourceDate "2017.10.13"]
[SourceVersion "1"]
[SourceVersionDate "2017.10.13"]
[SourceQuality "1"]

1. d4 Nf6 2. Nf3 g6 3. Bf4 Bg7 4. e3 0-0 5. c4 d6 6. Nc3 Nbd7 7. Bd3 Re8 8. 0-0 e5 9. Bg5 h6 10. dxe5 dxe5 11. Bxf6 Nxf6 12. Qc2 Qe7 13. e4 Bg4 14. Be2 Rad8 15. Nd5 Nxd5 16. cxd5 f5 17. Bc4 Kh8 18. Nd2 Qg5 19. f3 Bh3 20. Rf2 f4 21. Kh1 Bd7 22. a4 Bf8 23. Rb1 Bc5 24. Re2 Qe7 25. b3 g5 26. Rd1 h5 27. Nf1 g4 28. Qb2 Rg8 29. d6 Qg5 30. dxc7 gxf3 31. Bxg8 Rxg8 32. Red2 Bh3 33. g3 Bxf1 34. Rxf1 fxg3 35. hxg3 Qxg3 36. Qc1 h4 37. Rh2 Kh7 38. Qxc5 h3 39. Rg1 f2 40. Qxf2 Qxf2 41. Rxf2 Rc8 42. Rf7+ 1-0

[Event "San Francisco TNM Winter op"]
[Site "San Francisco"]
[Date "2015.02.10"]
[Round "6"]
[White "Donnelly, Patrick T"]
[Black "Stuetzel, Ezra G"]
[Result "1-0"]
[WhiteElo "1659"]
[BlackElo "1300"]
[PlyCount "45"]
[EventDate "2015.01.06"]
[EventType "swiss"]
[EventRounds "8"]
[EventCountry "USA"]
[SourceTitle "EXT 2016"]
[Source "ChessBase"]
[SourceDate "2015.10.08"]
[SourceVersion "1"]
[SourceVersionDate "2015.10.08"]
[SourceQuality "1"]

1. e4 d5 2. exd5 Nf6 3. c4 e6 4. dxe6 Bxe6 5. Nf3 Qe7 6. Qe2 Nc6 7. d4 0-0-0 8. d5 Re8 9. dxe6 Qb4+ 10. Nc3 Bc5 11. Be3 Bxe3 12. fxe3 Rxe6 13. 0-0-0 Rhe8 14. Rd3 Nd7 15. g3 Nc5 16. Bh3 Nxd3+ 17. Qxd3 Na5 18. Bxe6+ Rxe6 19. Rd1 b6 20. Qd7+ Kb7 21. Qd5+ Kb8 22. Ne5 Qe7 23. Nd7+ 1-0

[Event "San Francisco TNM Fall op"]
[Site "San Francisco"]
[Date "2014.12.16"]
[Round "8"]
[White "Donnelly, Patrick T"]
[Black "Maser, Thomas F"]
[Result "0-1"]
[WhiteElo "1659"]
[BlackElo "1914"]
[PlyCount "42"]
[EventDate "2014.10.21"]
[EventType "swiss"]
[EventRounds "8"]
[EventCountry "USA"]
[SourceTitle "EXT 2016"]
[Source "ChessBase"]
[SourceDate "2015.10.08"]
[SourceVersion "1"]
[SourceVersionDate "2015.10.08"]
[SourceQuality "1"]

1. d4 Nf6 2. c4 e6 3. Nc3 c5 4. Nf3 d5 5. Bg5 Be7 6. e3 b6 7. Bd3 Bb7 8. 0-0 0-0 9. Qc2 dxc4 10. Bxc4 Bxf3 11. Bxf6 Bxf6 12. gxf3 cxd4 13. Qe4 dxc3 14. Qxa8 cxb2 15. Rad1 Qc7 16. Qe4 Nd7 17. Bd3 g6 18. Bb5 Nc5 19. Qb4 Qe5 20. Rd2 Qf5 21. e4 Qg5+ 0-1

[Event "San Francisco TNM Fall op"]
[Site "San Francisco"]
[Date "2014.10.21"]
[Round "1"]
[White "Thornally, Frank"]
[Black "Donnelly, Patrick T"]
[Result "1-0"]
[WhiteElo "2200"]
[BlackElo "1659"]
[PlyCount "73"]
[EventDate "2014.10.21"]
[EventType "swiss"]
[EventRounds "8"]
[EventCountry "USA"]
[SourceTitle "EXT 2016"]
[Source "ChessBase"]
[SourceDate "2015.10.08"]
[SourceVersion "1"]
[SourceVersionDate "2015.10.08"]
[SourceQuality "1"]

1. d4 Nf6 2. Bg5 Ne4 3. Bf4 e6 4. f3 Bd6 5. Bxd6 Nxd6 6. e4 b6 7. Bd3 Bb7 8. Ne2 Nc6 9. 0-0 Qe7 10. c3 g5 11. e5 Nf5 12. Bxf5 exf5 13. Ng3 0-0-0 14. Nxf5 Qe6 15. Qc2 Ne7 16. Nxe7+ Qxe7 17. Nd2 h5 18. Qf5 g4 19. Ne4 gxf3 20. Rxf3 Rdg8 21. Rf4 Rh6 22. Re1 Rhg6 23. Re2 h4 24. Rff2 Bd5 25. Nf6 Bxa2 26. Nxg8 Rxg8 27. Qf6 Qf8 28. Qxh4 Rh8 29. Qe4 Kb8 30. d5 Qh6 31. h3 Rg8 32. Rxf7 c6 33. Qf4 Qh5 34. e6+ Ka8 35. Rf8+ Kb7 36. Rxg8 Qxe2 37. Rb8+ 1-0

[Event "San Francisco TNM Spring op"]
[Site "San Francisco"]
[Date "2013.04.23"]
[Round "6"]
[White "Donnelly, Patrick T"]
[Black "Krasnov, Steven Lender"]
[Result "0-1"]
[WhiteElo "1643"]
[BlackElo "1958"]
[PlyCount "46"]
[EventDate "2013.03.19"]
[EventType "swiss"]
[EventRounds "8"]
[EventCountry "USA"]
[SourceTitle "EXT 2016"]
[Source "ChessBase"]
[SourceDate "2015.10.08"]
[SourceVersion "1"]
[SourceVersionDate "2015.10.08"]
[SourceQuality "1"]

1. e4 c5 2. Nf3 d6 3. d4 cxd4 4. Nxd4 Nf6 5. Nc3 a6 6. Be2 e6 7. Be3 Qc7 8. 0-0 b5 9. Bf3 Bb7 10. a3 Be7 11. Nde2 Nbd7 12. Ng3 Ne5 13. Be2 Rc8 14. f4 Nc4 15. Bxc4 Qxc4 16. Qd3 h5 17. Qxc4 Rxc4 18. Bd2 h4 19. Nge2 Nxe4 20. Nxe4 Bxe4 21. c3 Bd3 22. Rf2 Bd8 23. Be3 Re4 0-1

[Event "San Francisco TNM Spring op"]
[Site "San Francisco"]
[Date "2013.04.16"]
[Round "5"]
[White "Luke, Gary"]
[Black "Donnelly, Patrick T"]
[Result "0-1"]
[WhiteElo "1809"]
[BlackElo "1643"]
[PlyCount "64"]
[EventDate "2013.03.19"]
[EventType "swiss"]
[EventRounds "8"]
[EventCountry "USA"]
[SourceTitle "EXT 2016"]
[Source "ChessBase"]
[SourceDate "2015.10.08"]
[SourceVersion "1"]
[SourceVersionDate "2015.10.08"]
[SourceQuality "1"]

1. e4 c5 2. Nf3 d6 3. d4 cxd4 4. Nxd4 Nf6 5. Nc3 a6 6. Bg5 e6 7. f4 Be7 8. Qf3 Qb6 9. 0-0-0 Nc6 10. Nde2 Na5 11. Ng3 Bd7 12. Nh5 Nxh5 13. Bxe7 Kxe7 14. Qxh5 Rac8 15. Qg5+ Kf8 16. f5 f6 17. Qd2 exf5 18. Qxd6+ Qxd6 19. Rxd6 Ke7 20. Rd5 Nc6 21. exf5 Ne5 22. Bd3 Bc6 23. Rd4 Kf7 24. Be4 Rhe8 25. Nd5 Ng4 26. Bd3 Nf2 27. Rf1 Nxd3+ 28. Rxd3 Bb5 29. Nb6 Bxd3 30. Nxc8 Bxf1 31. Nd6+ Ke7 32. Nxe8 Kxe8 0-1

[Event "San Francisco TNM Spring op"]
[Site "San Francisco"]
[Date "2013.04.10"]
[Round "4"]
[White "Donnelly, Patrick T"]
[Black "Royzen, Igor"]
[Result "0-1"]
[WhiteElo "1643"]
[BlackElo "1844"]
[PlyCount "86"]
[EventDate "2013.03.19"]
[EventType "swiss"]
[EventRounds "8"]
[EventCountry "USA"]
[SourceTitle "EXT 2016"]
[Source "ChessBase"]
[SourceDate "2015.10.08"]
[SourceVersion "1"]
[SourceVersionDate "2015.10.08"]
[SourceQuality "1"]

1. e4 c5 2. Nf3 Nc6 3. d4 cxd4 4. Nxd4 g6 5. Nc3 Bg7 6. Be3 Nf6 7. Bc4 Qa5 8. f3 Qb4 9. Bb3 Nxe4 10. Nxc6 Bxc3+ 11. bxc3 Qxc3+ 12. Ke2 Qxb3 13. axb3 Nc3+ 14. Kd2 Nxd1 15. Rxa7 Rxa7 16. Nxa7 Nxe3 17. Kxe3 0-0 18. Kd4 d6 19. Nxc8 Rxc8 20. c4 Ra8 21. Re1 Kf8 22. Re2 Ke8 23. c5 Kd7 24. b4 Ra1 25. Kc4 Rc1+ 26. Kb5 d5 27. Kb6 Rb1 28. b5 d4 29. Rd2 e5 30. f4 f6 31. fxe5 fxe5 32. Re2 Ke6 33. c6 bxc6 34. Kxc6 d3 35. Rd2 e4 36. b6 Ke5 37. b7 Kd4 38. Kc7 e3 39. Ra2 e2 40. Ra6 Rxb7+ 41. Kxb7 Ke3 42. Kc6 Kf2 43. Ra2 Kf1 0-1

[Event "San Francisco TNM Fall op"]
[Site "San Francisco"]
[Date "2011.12.13"]
[Round "9"]
[White "Curto, Wayne"]
[Black "Donnelly, Patrick T"]
[Result "0-1"]
[WhiteElo "1900"]
[BlackElo "1499"]
[PlyCount "98"]
[EventDate "2011.10.18"]
[EventType "swiss"]
[EventRounds "9"]
[EventCountry "USA"]
[SourceTitle "EXT 2016"]
[Source "ChessBase"]
[SourceDate "2015.10.08"]
[SourceVersion "1"]
[SourceVersionDate "2015.10.08"]
[SourceQuality "1"]

1. d4 Nf6 2. Nf3 b6 3. Bf4 Bb7 4. e3 e6 5. Bd3 Be7 6. 0-0 Nc6 7. h3 d6 8. Nbd2 0-0 9. c3 e5 10. Bh2 Qd7 11. Qc2 Rad8 12. Bf5 Qe8 13. dxe5 dxe5 14. Nxe5 Bd6 15. Nef3 g6 16. Bd3 Nd5 17. a3 Nxe3 18. fxe3 Qxe3+ 19. Kh1 Bxh2 20. Bxg6 fxg6 21. Kxh2 Ne5 22. Rae1 Nxf3+ 23. Nxf3 Qf4+ 24. Kh1 Bxf3 25. Rxf3 Qd2 26. Rxf8+ Kxf8 27. Qe4 Qd6 28. Rf1+ Kg7 29. Re1 Rd7 30. Qe8 Rf7 31. Qe4 Qd2 32. Qe5+ Kh6 33. Qe2 Rf2 34. Qxd2+ Rxd2 35. Re7 Rxb2 36. Rxc7 a5 37. Rb7 Rc2 38. Rxb6 Rxc3 39. Ra6 Rxa3 40. Ra7 a4 41. Kh2 Ra1 42. h4 Ra2 43. Kh3 g5 44. Ra6+ Kg7 45. hxg5 a3 46. Kg3 Ra1 47. Kg4 a2 48. Ra7+ Kf8 49. Rxh7 Rg1 0-1